Normal view
MARC view
- Lin, Xianke.
Entry Personal Name
001 - CONTROL NUMBER
- control field: 52479
003 - CONTROL NUMBER IDENTIFIER
- control field: OSt
005 - DATE AND TIME OF LATEST TRANSACTION
- control field: 20240215122208.0
008 - FIXED-LENGTH DATA ELEMENTS
- fixed length control field: 240215|| aca||aabn | a|a d
040 ## - CATALOGING SOURCE
- Original cataloging agency: OSt
- Transcribing agency: OSt
100 ## - HEADING--PERSONAL NAME
- Personal name: Lin, Xianke.
- Relator term: author.
670 ## - SOURCE DATA FOUND
- Source citation: Work cat.: (OSt): Deng, Zhongwei. author. 52476, Data-driven battery state of health estimation based on random partial charging data /, May 2022.
